QUEST Central Library Banner

Numerical Methods For Engineers (Record no. 3096)

MARC details
000 -LEADER
fixed length control field 00798nam a2200277 a 4500
003 - CONTROL NUMBER IDENTIFIER
control field PK-NaQUE
005 - DATE AND TIME OF LATEST TRANSACTION
control field 20250530121440.0
008 - FIXED-LENGTH DATA ELEMENTS--GENERAL INFORMATION
fixed length control field 250530b ||||| |||| 00| 0 eng d
020 ## - INTERNATIONAL STANDARD BOOK NUMBER
International Standard Book Number 0071121803 (paperback)
020 ## - INTERNATIONAL STANDARD BOOK NUMBER
International Standard Book Number 9780071121804 (paperback)
040 ## - CATALOGING SOURCE
Transcribing agency QUEST
082 ## - DEWEY DECIMAL CLASSIFICATION NUMBER
Classification number 518.02462CHA
100 1# - MAIN ENTRY--PERSONAL NAME
Personal name Chapra, Steven C.
245 10 - TITLE STATEMENT
Title Numerical Methods For Engineers
250 ## - EDITION STATEMENT
Edition statement 4th ed.
260 ## - PUBLICATION, DISTRIBUTION, ETC. (IMPRINT)
Place of publication, distribution, etc New Delhi
Name of publisher, distributor, etc McGraw-Hill Publishing
Date of publication, distribution, etc 2002
300 ## - PHYSICAL DESCRIPTION
Extent XVIII,925p.
650 ## - SUBJECT ADDED ENTRY--TOPICAL TERM
Topical term or geographic name as entry element Numerical Calculations
650 ## - SUBJECT ADDED ENTRY--TOPICAL TERM
Topical term or geographic name as entry element Data processing
650 ## - SUBJECT ADDED ENTRY--TOPICAL TERM
Topical term or geographic name as entry element Engineering mathematics
650 ## - SUBJECT ADDED ENTRY--TOPICAL TERM
Topical term or geographic name as entry element Artificial Intelligence
650 ## - SUBJECT ADDED ENTRY--TOPICAL TERM
Topical term or geographic name as entry element Computer Science
700 1# - ADDED ENTRY--PERSONAL NAME
Personal name Canale, Raymond P.
856 40 - ELECTRONIC LOCATION AND ACCESS
Uniform Resource Identifier <a href="http://10.10.170.122:8080/browse/book/27478">http://10.10.170.122:8080/browse/book/27478</a>
Link text Dowload eBook
942 ## - ADDED ENTRY ELEMENTS (KOHA)
Koha item type Books
Source of classification or shelving scheme Dewey Decimal Classification
Holdings
Withdrawn status Lost status Damaged status Not for loan Collection code Home library Current library Date acquired Total Checkouts Full call number Barcode Date last seen Date checked out Koha item type Price effective from Source of acquisition
          Central Library, QUEST, Nawabshah Central Library, QUEST, Nawabshah 15/05/2014 5 511.02462CHA 27401 09/06/2021 09/06/2021 Books 15/05/2014  
  Lost and Paid For       Central Library, QUEST, Nawabshah Central Library, QUEST, Nawabshah 15/05/2014 1 511.02462CHA 27402 23/07/2015 23/07/2015 Books    
          Central Library, QUEST, Nawabshah Central Library, QUEST, Nawabshah 15/05/2014 4 511.02462CHA 27403 26/10/2018 15/05/2018 Books 15/05/2014  
          Central Library, QUEST, Nawabshah Central Library, QUEST, Nawabshah 15/05/2014 4 511.02462CHA 27404 10/11/2020 13/11/2019 Books 15/05/2014  
          Central Library, QUEST, Nawabshah Central Library, QUEST, Nawabshah 15/05/2014 4 511.02462CHA 27405 18/12/2023 06/09/2023 Books 15/05/2014  
          Central Library, QUEST, Nawabshah Central Library, QUEST, Nawabshah 15/05/2014   511.02462CHA 27406 15/05/2014   Books 15/05/2014  
          Central Library, QUEST, Nawabshah Central Library, QUEST, Nawabshah 15/05/2014 2 511.02462CHA 27407 02/01/2024 06/09/2023 Books 15/05/2014  
          Central Library, QUEST, Nawabshah Central Library, QUEST, Nawabshah 15/05/2014 2 511.02462CHA 27408 25/07/2025 06/09/2023 Books 15/05/2014  
          Central Library, QUEST, Nawabshah Central Library, QUEST, Nawabshah 15/05/2014 2 511.02462CHA 27409 31/01/2022 17/11/2021 Books 15/05/2014  
          Central Library, QUEST, Nawabshah Central Library, QUEST, Nawabshah 27/03/2017   511.02462CHA D1840 27/03/2017   Books 27/03/2017 Donated by Prof Dr Abdul Karim Baloch
        Reference Reference Section Reference Section 15/05/2014 1 518.02462CHA (Shelf - 30B) 27400 09/06/2021 09/06/2021 Books    

Copyright © 2018,The QUEST, Nawabshah, Shaheed Benazirabad. All rights reserved
Mr. G. Farooq Channar (Librarian) QUEST, Nawabshah, Sindh, Pakistan 67480.
 Ph#: |   0244-9370381-4 Ext. 2308   Email| lib@quest.edu.pk   Web|  http://www.quest.edu.pk